Get the Picture: Wrist or Ankle Bones Quiz Stats

 Plays Quiz Updated May 21, 2019

Score 0/15 Timer 03:00
1 Play Today
Question Answer Wrong Answers
Talus Tarsal (Ankle)
73.1%
Carpal (Wrist)
21.3%
Lateral cuneiform Tarsal (Ankle)
71.8%
Carpal (Wrist)
22.7%
Intermediate cuneiform Tarsal (Ankle)
71.6%
Carpal (Wrist)
22.9%
Medial cuneiform Tarsal (Ankle)
71.2%
Carpal (Wrist)
22.8%
Scaphoid Carpal (Wrist)
68.6%
Tarsal (Ankle)
25.8%
Trapezium Carpal (Wrist)
68.5%
Tarsal (Ankle)
26.3%
Trapezoid Carpal (Wrist)
68%
Tarsal (Ankle)
26.5%
Calcaneus Tarsal (Ankle)
68%
Carpal (Wrist)
26.3%
Capitate Carpal (Wrist)
67.5%
Tarsal (Ankle)
26.6%
Hamate Carpal (Wrist)
63.6%
Tarsal (Ankle)
30%
Lunate Carpal (Wrist)
61.3%
Tarsal (Ankle)
32.7%
Triquetrum Carpal (Wrist)
57.4%
Tarsal (Ankle)
36.5%
Pisiform Carpal (Wrist)
56%
Tarsal (Ankle)
38%
Navicular Tarsal (Ankle)
55.3%
Carpal (Wrist)
39.6%
Cuboid Tarsal (Ankle)
53.9%
Carpal (Wrist)
40.5%

Today's Daily Dose

Word Ladder
Lean on Me

Get the Picture
Superhero by Villain

You're not logged in!

Compare scores with friends on all Sporcle quizzes.
OR
Log In

Sporcle TV

Today on Sporcle TV


Watch our educational content, quiz creation guides, and fun videos on Sporcle TV.

Show Comments

Extras

Top Quizzes Today


Score Distribution

Your Account Isn't Verified!

In order to create a playlist on Sporcle, you need to verify the email address you used during registration. Go to your Sporcle Settings to finish the process.

Report this User

Report this user for behavior that violates our Community Guidelines.

Details: